000 00993cab a2200265 4500
001 ABS45998
008 090401t1992 xxu||||| |||| 00| 0 eng d
035 _a(Sirsi) u56259
041 _aeng
245 _aAlternative land use
260 _c1992
300 _aLOAN
350 _a0
490 _aFarm Development Review
_v6(4) February 1992 (8)
520 _aThis months issue covers charges for bed and breakfast accommodation including tables of charges; Nippers, an established country business being developed on a franchise basis specialising in selling nursery goods and equipment and outdoor and pre-school toys; the marketing of farmed trout by the British Trout Association and the setting up of routes for horse-riding across land.
650 _aBED AND BREAKFAST
650 _aFRANCHISING
650 _aHOLIDAY LETS
650 _aHORSE RIDING
650 _aTOLL RIDES
650 _aTROUT FARMING
690 _aRURAL PRACTICE
942 _n0
948 _c04/03/1997
999 _c34307
_d34307